[Event "Bremen-ch op"]
[Site "Bremen"]
[Date "2010.04.01"]
[Round "7"]
[White "Rose, Shawn"]
[Black "Boehm, Karl1"]
[Result "1/2-1/2"]
[WhiteElo "1889"]
[BlackElo "1897"]
[PlyCount "86"]
[EventDate "2010.03.27"]
[EventType "swiss"]
[EventRounds "9"]
[EventCountry "GER"]
[SourceTitle "EXT 2022"]
[Source "ChessBase"]
[SourceDate "2021.10.06"]
[SourceVersion "1"]
[SourceVersionDate "2021.10.06"]
[SourceQuality "1"]

1. Nc3 d5 2. e4 d4 3. Nce2 e5 4. Ng3 Nf6 5. Bc4 h6 6. Nf3 Bd6 7. d3 Nc6 8. a3 0-0 9. Qe2 Re8 10. Nh4 Be6 11. Bxe6 Rxe6 12. Ngf5 Qf8 13. g3 Kh7 14. Bd2 a5 15. Ng2 g6 16. Bxh6 Qg8 17. Nxd6 cxd6 18. Bd2 d5 19. f3 b5 20. Bg5 dxe4 21. fxe4 Qf8 22. 0-0 Kg7 23. Rf2 Ng8 24. Raf1 Ra7 25. Qg4 Qe8 26. Nh4 Nd8 27. Bd2 Kh7 28. Nf3 f6 29. Kh1 Rc6 30. c3 dxc3 31. Bxc3 Nh6 32. Qh3 Kg7 33. Nd2 Qe7 34. Nb1 b4 35. axb4 axb4 36. Bd2 Ng8 37. Be3 Rac7 38. Qg2 Qd6 39. Rd1 Ne6 40. d4 Nxd4 41. Rfd2 Rc1 42. Qf1 Rxd1 43. Qxd1 Qc6 1/2-1/2

[Event "Niedersachsen-ch open"]
[Site "Verden"]
[Date "2010.01.05"]
[Round "5.37"]
[White "Hartogh, Tim"]
[Black "Rose, Shawn"]
[Result "0-1"]
[WhiteElo "1862"]
[BlackElo "1650"]
[PlyCount "88"]
[EventDate "2010.01.03"]
[EventType "swiss"]
[EventRounds "7"]
[EventCountry "GER"]
[SourceTitle "EXT 2012"]
[Source "ChessBase"]
[SourceDate "2011.11.24"]
[SourceVersion "1"]
[SourceVersionDate "2011.11.24"]
[SourceQuality "1"]

1. d4 g6 2. Nf3 Bg7 3. g3 c6 4. Bg2 d5 5. 0-0 Nf6 6. e3 Bg4 7. h3 Bd7 8. c4 Qc8 9. Kh2 h5 10. Ne5 Be6 11. f4 Nbd7 12. Nd2 Qc7 13. c5 Nh7 14. b4 Nxe5 15. fxe5 h4 16. g4 Bxe5+ 17. dxe5 Qxe5+ 18. Kh1 Qxa1 19. Qb3 Qg7 20. Bb2 f6 21. b5 0-0 22. bxc6 bxc6 23. Qa4 Rfc8 24. Nf3 g5 25. Nd4 Qf7 26. Qc2 Bd7 27. e4 e5 28. Nf3 Qg6 29. Qd1 d4 30. Nd2 Rab8 31. Qc1 Be6 32. Bf3 Rb7 33. Be2 Rcb8 34. Ba3 Bxa2 35. Bc4+ Bxc4 36. Qxc4+ Qf7 37. Qxf7+ Kxf7 38. Nc4 Kg6 39. Na5 Rc7 40. Kg2 Rb5 41. Nc4 Nf8 42. Nd6 Rb3 43. Ne8 Rf7 44. Bc1 Nd7 0-1

[Event "Niedersachsen-ch open"]
[Site "Verden"]
[Date "2010.01.05"]
[Round "6.28"]
[White "Rose, Shawn"]
[Black "Vogel, Christopher"]
[Result "0-1"]
[WhiteElo "1650"]
[BlackElo "1994"]
[PlyCount "84"]
[EventDate "2010.01.03"]
[EventType "swiss"]
[EventRounds "7"]
[EventCountry "GER"]
[SourceTitle "EXT 2012"]
[Source "ChessBase"]
[SourceDate "2011.11.24"]
[SourceVersion "1"]
[SourceVersionDate "2011.11.24"]
[SourceQuality "1"]

1. Nc3 c5 2. e4 e6 3. g3 Nc6 4. Bg2 g6 5. d3 Bg7 6. Nge2 Nge7 7. Be3 d6 8. f4 0-0 9. 0-0 Nd4 10. Rb1 Nec6 11. a3 Rb8 12. b4 b6 13. Bf2 Qc7 14. b5 Ne7 15. h3 f5 16. a4 Bb7 17. Qd2 Rbc8 18. Rfc1 Rfd8 19. Nxd4 cxd4 20. Ne2 e5 21. c3 dxc3 22. Qa2+ Kh8 23. Rxc3 Qd7 24. Rxc8 Rxc8 25. Qd2 d5 26. exf5 Nxf5 27. g4 Nd6 28. fxe5 Bxe5 29. Bd4 Qg7 30. Qf4 Nf7 31. Rf1 Bxd4+ 32. Nxd4 Ne5 33. Qe3 Re8 34. Nc6 d4 35. Qe2 Qc7 36. Rf6 Kg7 37. g5 a6 38. h4 axb5 39. axb5 Bxc6 40. bxc6 Re7 41. Qd2 Ng4 42. Be4 Qg3+ 0-1

[Event "Niedersachsen-ch open"]
[Site "Verden"]
[Date "2010.01.04"]
[Round "3.26"]
[White "Jung, Gerald"]
[Black "Rose, Shawn"]
[Result "1-0"]
[WhiteElo "2048"]
[BlackElo "1650"]
[PlyCount "45"]
[EventDate "2010.01.03"]
[EventType "swiss"]
[EventRounds "7"]
[EventCountry "GER"]
[SourceTitle "EXT 2012"]
[Source "ChessBase"]
[SourceDate "2011.11.24"]
[SourceVersion "1"]
[SourceVersionDate "2011.11.24"]
[SourceQuality "1"]

1. e4 g6 2. d4 Bg7 3. Nc3 d6 4. Be3 c6 5. Bc4 b5 6. Nxb5 cxb5 7. Bd5 Qb6 8. Bxa8 Bb7 9. Bxb7 Qxb7 10. f3 Nf6 11. Ne2 0-0 12. 0-0 Nfd7 13. c3 Nc6 14. b4 a6 15. a4 Nb6 16. axb5 axb5 17. Qc1 Rc8 18. Qe1 Nc4 19. Ng3 Qb6 20. Bf2 Qd8 21. Ra2 Bh6 22. Qe2 Qb6 23. d5 1-0

[Event "Niedersachsen-ch open"]
[Site "Verden"]
[Date "2010.01.04"]
[Round "4.62"]
[White "Rose, Shawn"]
[Black "Rosin, Julius"]
[Result "1-0"]
[WhiteElo "1650"]
[BlackElo "1247"]
[PlyCount "133"]
[EventDate "2010.01.03"]
[EventType "swiss"]
[EventRounds "7"]
[EventCountry "GER"]
[SourceTitle "EXT 2012"]
[Source "ChessBase"]
[SourceDate "2011.11.24"]
[SourceVersion "1"]
[SourceVersionDate "2011.11.24"]
[SourceQuality "1"]

1. Nc3 e5 2. e4 Nf6 3. g3 Bc5 4. Bg2 0-0 5. d3 d6 6. h3 Nc6 7. Nge2 Be6 8. Na4 Bb4+ 9. c3 Ba5 10. b4 Bb6 11. Nxb6 axb6 12. 0-0 Qd7 13. Kh2 d5 14. Qc2 Rac8 15. f4 dxe4 16. dxe4 exf4 17. Nxf4 Qe7 18. a4 Rcd8 19. b5 Na5 20. Ba3 Qd7 21. Bxf8 Rxf8 22. Nxe6 Qxe6 23. Rad1 Nc4 24. Qe2 Nd7 25. Rd4 Nde5 26. Rfd1 h6 27. Bf1 Nd6 28. Bg2 Ndc4 29. Rd8 Rxd8 30. Rxd8+ Kh7 31. Rd4 Qe7 32. Rxc4 Nxc4 33. Qxc4 Qd7 34. e5 Qe7 35. Bxb7 Kh8 36. Qd4 f6 37. exf6 gxf6 38. Be4 Kg8 39. Qd5+ Kg7 40. Qf5 Kf8 41. Qh7 Qd6 42. Qxh6+ Ke7 43. Bf5 Qd1 44. Qg7+ Ke8 45. Qg8+ Ke7 46. Qe6+ Kf8 47. Qxf6+ Kg8 48. Be6+ Kh7 49. Qf7+ Kh6 50. Qf8+ Kh7 51. Qg8+ Kh6 52. Qh8+ Kg6 53. Qg8+ Kh6 54. Bd5 Qxa4 55. Qe6+ Kg7 56. Qg4+ Qxg4 57. hxg4 Kf6 58. c4 Kg6 59. Kg2 Kg5 60. Kf3 c5 61. bxc6 Kf6 62. c7 Ke7 63. c8Q Kd6 64. Ke4 Ke7 65. Qe6+ Kd8 66. Qf7 b5 67. Be6 1-0

[Event "Niedersachsen-ch op"]
[Site "Verden"]
[Date "2009.01.04"]
[Round "3"]
[White "Rose, Shawn"]
[Black "Stotyn, Fabian"]
[Result "1/2-1/2"]
[WhiteElo "1583"]
[BlackElo "2052"]
[PlyCount "61"]
[EventDate "2009.01.03"]
[EventType "swiss"]
[EventRounds "7"]
[EventCountry "GER"]
[SourceTitle "EXT 2012"]
[Source "ChessBase"]
[SourceDate "2011.11.24"]
[SourceVersion "1"]
[SourceVersionDate "2011.11.24"]
[SourceQuality "1"]

1. Nc3 d5 2. e4 e6 3. Nf3 Nf6 4. exd5 exd5 5. d3 Be7 6. Bf4 Bf5 7. Nd4 Bd7 8. Be2 a6 9. Bf3 c5 10. Nb3 Bc6 11. 0-0 0-0 12. Re1 b5 13. Na5 Qxa5 14. Rxe7 b4 15. Ne2 Qd8 16. Re5 Nbd7 17. Rg5 Re8 18. c4 bxc3 19. bxc3 Nf8 20. Be5 N8d7 21. Bf4 h6 22. Rg3 Kh8 23. Qd2 Ng8 24. Rh3 Nf8 25. g4 Bd7 26. Ng3 Nh7 27. Nh5 g5 28. Be3 Qc8 29. Rg3 Be6 30. Rb1 Rd8 31. Qb2 1/2-1/2